Culture générale ! Une image... Un des... (33) - Statistiques

Statistiques générales
  • Ce quiz a été pris 87 fois
  • Le résultat moyen est 6 sur 30
Statistiques - réponses
Par images Hint Réponse % Correct
autoportraits célèbres Léonard de Vinci
66%
oiseaux dinde
61%
année exceptionnelle 1989
53%
sports olympiques Plongeon
47%
Boites aux lettres du monde (Pays) Pays-Bas
38%
trophées de sport Bouclier de Brennus
31%
pinces pince {crocodile}
31%
drapeaux Guinée équatoriale
28%
marques de voiture Citroën
27%
disciplines olympiques taekwondo
24%
tours du monde Tours {Petronas}
22%
peintres français Henri de Toulouse-Lautrec
18%
maréchaux de France Philippe Pétain
18%
futures reines (dans quel pays ?) Suède
16%
des notes de musique triple croche
16%
présidents de l'Assemblée nationale Philippe Seguin
11%
speakines Danièle Gilbert
7%
éléments du corps humain hormones
7%
films célébrissimes Les visiteurs du soir
7%
célébres stade Nid d'oiseau
5%
meubles Récamier
5%
inconnues célèbres Annie Grégorio
4%
rois assassinés Henri III
4%
scènes religieuses La {fuite en Egypte}
1%
coquillages de France ormeau
1%
hélicoptères puma
1%
statues parisiennes Etienne Marcel
0%
généraux français Maxime Weygand
0%
opéras européens (ville) Porto
0%
inconnus célèbres Thierry Godard
0%
Aucun quiz correspondant
Distribution des résultats
% des personnes avec chaque résultat
Percentile par nombre de réponses
Votre historique - résultats
Vous n’avez pas pris ce quiz